Regiones y fronteras : una perspectiva antropológica /

Tallennettuna:
Bibliografiset tiedot
Päätekijä: Fábregas Puig, Andrés (autor)
Muut tekijät: Tomé Martín, Pedro (autor) (autor)
Aineistotyyppi: Kirja
Kieli:espanja
Julkaistu: Guadalajara, México : El Colegio de Jalisco, 2002, c2002
Tagit: Lisää tagi
Ei tageja, Lisää ensimmäinen tagi!

MARC

LEADER 00000nam^a2200000^a^4500
001 000567051
005 20250521000000.0
009 20260310132120.004
020 |a 968-6255-74-5 
037 |a Acervo ITESO - Biblioteca 
041 |a ESP 
091 |a FGM. 03112 
100 |a Fábregas Puig, Andrés  |e (autor) 
245 1 0 |a Regiones y fronteras :  |b una perspectiva antropológica / 
264 4 |a Guadalajara, México :  |b El Colegio de Jalisco,  |c 2002, c2002 
300 |a 96 p. 
336 |a texto  |b txt  |2 rdacontenido 
337 |a sin mediación  |b n  |2 rdamedio 
338 |a volumen  |b nc  |2 rdasoporte 
649 |a XX 
700 |a Tomé Martín, Pedro  |e (autor) 
910 |a Fondo Efraín González Morfín 
920 |a Impresos - Libros 
930 |a Fondos Especiales 
905 |a 130 
901 |a 0500385381  |b IT2  |c ESL  |i D88602  |u 20250521 
902 |a https://opac.biblio.iteso.mx/vufind/Record/000567051